LEADER 01045nam0 2200277 i 450 001 SUN0076442 005 20160321031543.266 010 $a04-216-1880-9 100 $a20100901d1998 |0engc50 ba 101 $aeng 102 $aGB 105 $a|||| ||||| 200 1 $aˆA ‰practical guide to corporate governance$fRichard Smerdon 210 $aLondon$cSweet & Maxwell$d1998 215 $aXXV, 330 p.$d26 cm. 517 1$3SUN0080658$aCorporate governance. 620 $aGB$dLondon$3SUNL000015 676 $a346.410664$v21 700 1$aSmerdon$b, Richard$3SUNV027651$0261316 712 $aSweet & Maxwell$3SUNV001739$4650 801 $aIT$bSOL$c20181109$gRICA 912 $aSUN0076442 950 $aUFFICIO DI BIBLIOTECA DEL DIPARTIMENTO DI ECONOMIA$d03 PREST IIBi19 $e03 29261 995 $aUFFICIO DI BIBLIOTECA DEL DIPARTIMENTO DI ECONOMIA$bIT-CE0106$h29261$kPREST IIBi19$op$qa 996 $aPractical guide to corporate governance$9705592 997 $aUNICAMPANIA LEADER 01859oam 2200481zu 450 001 996216629503316 005 20210807003124.0 010 $a1-5090-8880-6 035 $a(CKB)1000000000711330 035 $a(SSID)ssj0000395243 035 $a(PQKBManifestationID)12144158 035 $a(PQKBTitleCode)TC0000395243 035 $a(PQKBWorkID)10450025 035 $a(PQKB)11687094 035 $a(EXLCZ)991000000000711330 100 $a20160829d2007 uy 101 0 $aeng 181 $ctxt 182 $cc 183 $acr 200 10$aInnovative architecture for future generation high-performance processors and systems : IWIA 2007, 11-13 January 2007, Maui, Hawaii, USA 210 31$a[Place of publication not identified]$cCPS IEEE Computer Society$d2007 300 $aBibliographic Level Mode of Issuance: Monograph 311 $a0-7695-3077-X 606 $aComputer architecture$vCongresses 606 $aHigh performance computing$vCongresses 606 $aHigh performance processors$vCongresses 606 $aEngineering & Applied Sciences$2HILCC 606 $aComputer Science$2HILCC 615 0$aComputer architecture 615 0$aHigh performance computing 615 0$aHigh performance processors 615 7$aEngineering & Applied Sciences 615 7$aComputer Science 702 $aKubota$b Atsushi 702 $aVeidenbaum$b Alex 712 02$aUniversity of California, Irvine.$bCenter for Embedded Computer Systems. 712 12$aInternational Workshop on Innovative Architecture for Future Generation High-Performance Processors and Systems 801 0$bPQKB 906 $aPROCEEDING 912 $a996216629503316 996 $aInnovative architecture for future generation high-performance processors and systems : IWIA 2007, 11-13 January 2007, Maui, Hawaii, USA$92352217 997 $aUNISA LEADER 00968nam a2200289 i 4500 001 991001143319707536 005 20020507184044.0 008 950301s1968 uk ||| | eng 020 $a0521047226 035 $ab10806842-39ule_inst 035 $aLE01307726$9ExL 040 $aDip.to Matematica$beng 082 0 $a513.83 084 $aAMS 54E35 084 $aQA613 100 1 $aCopson, E. T.$013087 245 10$aMetric spaces /$cE. T. Copson 260 $aCambridge :$bCambridge University Press,$c1968 300 $a[vii], 143 p. ;$c22 cm. 490 0 $aCambridge tracts in mathematics and mathematical physics ;$v57 650 4$aMetric spaces 907 $a.b10806842$b23-02-17$c28-06-02 912 $a991001143319707536 945 $aLE013 54E COP11 (1968)$g1$i2013000023656$lle013$o-$pE0.00$q-$rl$s- $t0$u3$v0$w3$x0$y.i10911807$z28-06-02 996 $aMetric spaces$9119063 997 $aUNISALENTO 998 $ale013$b01-01-95$cm$da $e-$feng$guk $h0$i1